000 00616nam a2200229Ia 4500
003 OSt
005 20220918173938.0
006 a|||||r|||| 00| 0
007 ta
008 220917b |||||||| |||| 00| 0 eng d
024 _a9,390
037 _cTextual
040 _aARTS
_cARTS
_beng
041 _2eng
_aeng
082 _a241:51, J3 (2D)
100 _aSmith Lillian H.
_948521
245 0 _aUrelucatant years
_b critical approach to children's literature
260 _c1953
650 _aLIBRARY SCIENCE
942 _h241:51, J3 (2D)
_cTEXL
_2CC
999 _c151039
_d151039